| 000 | 01190cam a22003857a 4500 | ||
|---|---|---|---|
| 003 | CHAP | ||
| 005 | 20220817043630.0 | ||
| 008 | 000229d1999 it a rn 00110 eng d | ||
| 010 | _a80186 | ||
| 011 | _a81158 | ||
| 020 | _a9251042942 | ||
| 035 | _a91620 | ||
| 040 | _cCHAP | ||
| 082 | 0 | 4 |
_a630 _bF3 v.137 |
| 110 | 2 | _aFAO | |
| 245 | 1 | 4 |
_aThe use of spices and medicinals as bioactive protectants for grains _c/by Peter Golob [and others] |
| 260 |
_aRome : _bFAO, _c1999. |
||
| 300 |
_a239 p. : _bilus. |
||
| 410 | _aFAO | ||
| 490 | 0 |
_aFAO. Servicios agrícolas _v; 137 |
|
| 590 |
_aBATCH-UPD _b10 _c20130110 _lUCH01 _h1136 |
||
| 590 |
_aBATCH-UPD _b10 _c20130410 _lUCH01 _h0723 |
||
| 590 |
_aBATCH-UPD _b10 _c20130914 _lUCH01 _h0741 |
||
| 590 |
_aCONVERSION _b10 _c20130109 _lUCH01 _h1345 |
||
| 650 | 1 | 4 |
_aBotánica médica. _914680 |
| 650 | 1 | 4 |
_aCereales _xAlmacenamiento _xPlagas. _921378 |
| 650 | 1 | 4 |
_aEspecias. _937785 |
| 650 | 1 | 4 |
_aPlantas insecticidas. _989010 |
| 810 | 0 | _aFAO | |
| 830 | 0 | 0 |
_aFAO. Servicios agrícolas _v; 137 _939697 |
| 901 | _aBK | ||
| 905 | _aPatricia Mendoza P. | ||
| 942 | _cLIBRO | ||
| 949 |
_a630 F3 v.137 _bBC _cFAO _d33724000765004 _eFAO1 _h97184 _i91620 _sb |
||
| 999 |
_c80186 _d80186 |
||